Las aventuras de cuatro remos

Furkejuvvon:
Bibliográfalaš dieđut
Váldodahkki: Barros Grez, Daniel (Dahkki)
Materiálatiipa: Girji
Giella:espánnjágiella
Almmustuhtton: Valparaíso La Unión 1921
Fáttát:
Fáddágilkorat: Lasit fáddágilkoriid
Eai fáddágilkorat, Lasit vuosttaš fáddágilkora!

MARC

LEADER 00000cam a2200000 a 4500
001 UCQ6539
003 CL-VaPUC
008 981016e19210000CL |||||||||||||||||spa|d
082 0 4 |a Ch863  |b BAR  |2 21 
100 0 |a Barros Grez, Daniel  |e author  |9 313106 
245 1 4 |a Las aventuras de cuatro remos 
300 |a 4 v 
942 |c BK 
945 |d 19981016 00:00:00  |a crobeson 
260 |a Valparaíso  |b La Unión  |c 1921 
650 0 |a Novelas chilenas   |9 265425 
650 0 |a Literatura chilena   |9 308278 
583 |a last modification  |c 20130114 09:16:02  |k Rodrigo Vera 
999 |c 276489  |d 276487 
952 |0 0  |1 0  |4 0  |6 CH_863_000000000000000_BAR_1921  |7 0  |8 A  |9 313749  |a BIBEDU  |b BIBEDU  |d 2019-11-20  |h v.1  |i 1482904  |o Ch863 BAR 1921  |p 1482904  |r 2019-11-20  |w 2019-11-20  |y BK  |k LIT 
952 |0 0  |1 0  |4 0  |6 CH_863_000000000000000_BAR_1921  |7 0  |8 A  |9 313750  |a BIBEDU  |b BIBEDU  |d 2019-11-20  |h v.2  |i 1482912  |o Ch863 BAR 1921  |p 1482912  |r 2019-11-20  |w 2019-11-20  |y BK  |k LIT 
952 |0 0  |1 0  |4 0  |6 CH_863_000000000000000_BAR_1921  |7 0  |8 A  |9 313751  |a BIBEDU  |b BIBEDU  |d 2019-11-20  |h v.3  |i 1482920  |o Ch863 BAR 1921  |p 1482920  |r 2019-11-20  |w 2019-11-20  |y BK  |k LIT 
952 |0 0  |1 0  |4 0  |6 CH_863_000000000000000_BAR_1921  |7 0  |8 A  |9 313752  |a BIBEDU  |b BIBEDU  |d 2019-11-20  |h v.4  |i 1482939  |o Ch863 BAR 1921  |p 1482939  |r 2019-11-20  |w 2019-11-20  |y BK  |k LIT 
952 |0 0  |1 0  |4 0  |6 CH_863_000000000000000_BAR_1921  |7 0  |8 X  |9 313753  |a FDOBUD  |b FDOBUD  |d 2019-11-20  |h v.1-4  |i 4920376  |o Ch863 BAR 1921  |p 4920376  |r 2019-11-20  |w 2019-11-20  |y BK_X  |k BUD